[Event "4NCL 2023-24"]
[Site "England ENG"]
[Date "2023.11.11"]
[Round "1.1"]
[Board "1"]
[White "Gormally, Daniel W"]
[Black "Bobras, Piotr"]
[Result "1/2-1/2"]
[WhiteTitle "GM"]
[BlackTitle "GM"]
[WhiteElo "2415"]
[BlackElo "2428"]
[WhiteTeam "Blackthorne"]
[BlackTeam "Manx Liberty"]
[WhiteFideId "406465"]
[BlackFideId "1106880"]
[EventDate "2023.11.11"]

1. e4 c5 2. Nc3 Nc6 3. Bb5 Nd4 4. Bc4 e6 5. Nge2 Nf6 6. O-O a6 7. d3 b5 8. Bb3
Nxb3 9. axb3 Bb7 10. Bg5 d6 11. f4 Be7 12. f5 b4 13. Na4 exf5 14. Ng3 h6 15.
Bxf6 Bxf6 16. Nxf5 g6 17. Ne3 O-O 18. Kh1 Bg7 19. Qg4 Bc8 20. Qf3 Be6 21. Nf5
gxf5 22. exf5 Qf6 23. Rae1 Rae8 24. fxe6 Qxf3 25. Rxf3 fxe6 26. Ref1 Rxf3 1/2-1/2

[Event "4NCL 2023-24"]
[Site "England ENG"]
[Date "2023.11.11"]
[Round "1.1"]
[Board "2"]
[White "Parligras, Mircea-Emilian"]
[Black "Ansell, Simon T"]
[Result "1-0"]
[WhiteTitle "GM"]
[BlackTitle "IM"]
[WhiteElo "2543"]
[BlackElo "2331"]
[WhiteTeam "Manx Liberty"]
[BlackTeam "Blackthorne"]
[WhiteFideId "1204297"]
[BlackFideId "402141"]
[EventDate "2023.11.11"]

1. d4 d5 2. c4 c6 3. Nf3 Nf6 4. e3 Bg4 5. h3 Bxf3 6. Qxf3 e6 7. Bd3 Nbd7 8. cxd5
cxd5 9. Nc3 Be7 10. Bd2 a6 11. g4 Nb6 12. Rc1 Rc8 13. b3 Rc6 14. Ne2 Rxc1+ 15.
Bxc1 Nc8 16. Bd2 Nd6 17. Ng3 O-O 18. h4 Qd7 19. g5 Nfe4 20. Nxe4 dxe4 21. Bxe4
Nxe4 22. Qxe4 f5 23. gxf6 Rxf6 24. h5 Qb5 25. f3 Bd6 26. Kf2 h6 27. f4 Bb4 28.
Bxb4 Qxb4 29. Qc2 Qb5 30. Qc4 Qe8 31. Rg1 Qxh5 32. Qc8+ Kh7 33. Qxb7 Rf7 34.
Qe4+ Kh8 35. Qxe6 Rc7 36. Qg6 Qh4+ 37. Rg3 Qh1 38. Rg1 Qh4+ 39. Ke2 Qe7 40. d5
Qd7 41. d6 Rc8 42. Kf2 Rf8 43. Rh1 Rd8 44. Rd1 Rf8 45. Rc1 Qh3 46. Rc7 Qh2+ 47.
Qg2 Qh4+ 48. Ke2 Qf6 49. d7 g5 50. Qc6 1-0

[Event "4NCL 2023-24"]
[Site "England ENG"]
[Date "2023.11.11"]
[Round "1.1"]
[Board "3"]
[White "Ledger, Andrew J"]
[Black "Jaracz, Pawel"]
[Result "1/2-1/2"]
[WhiteTitle "IM"]
[BlackTitle "GM"]
[WhiteElo "2334"]
[BlackElo "2467"]
[WhiteTeam "Blackthorne"]
[BlackTeam "Manx Liberty"]
[WhiteFideId "400610"]
[BlackFideId "1102222"]
[EventDate "2023.11.11"]

1. c4 c6 2. d4 d5 3. cxd5 cxd5 4. Bf4 Nc6 5. e3 Nf6 6. Nc3 Bg4 7. Qb3 Na5 8.
Qa4+ Bd7 9. Qc2 Rc8 10. Bd3 e6 11. h3 b5 12. a3 Nc4 13. Nf3 Be7 14. O-O O-O 15.
Rfc1 g6 16. Qe2 Nh5 17. Bh2 Qb6 18. Ne5 Be8 19. g4 Ng7 20. Nf3 Bc6 21. Ne5 Be8
22. Nf3 Bc6 23. Ne5 1/2-1/2

[Event "4NCL 2023-24"]
[Site "England ENG"]
[Date "2023.11.11"]
[Round "1.1"]
[Board "4"]
[White "Cyborowski, Lukasz"]
[Black "Bates, Richard A"]
[Result "1-0"]
[WhiteTitle "GM"]
[BlackTitle "IM"]
[WhiteElo "2484"]
[BlackElo "2318"]
[WhiteTeam "Manx Liberty"]
[BlackTeam "Blackthorne"]
[WhiteFideId "1108760"]
[BlackFideId "403555"]
[EventDate "2023.11.11"]

1. d4 Nf6 2. Nf3 e6 3. c4 Bb4+ 4. Nbd2 d6 5. a3 Bxd2+ 6. Qxd2 Qe7 7. b4 O-O 8.
Bb2 Nbd7 9. e3 e5 10. dxe5 dxe5 11. Qc3 a5 12. Nd2 Re8 13. Be2 Nb6 14. O-O Na4
15. Qb3 Nxb2 16. Qxb2 axb4 17. axb4 Bf5 18. h3 Ne4 19. Nf3 Rad8 20. Rfd1 f6 21.
c5 Rxd1+ 22. Bxd1 Bg6 23. Bc2 f5 24. Ra7 c6 25. Bxe4 fxe4 26. Nd2 Bf5 27. Nc4
Be6 28. Nd6 1-0

[Event "4NCL 2023-24"]
[Site "England ENG"]
[Date "2023.11.11"]
[Round "1.1"]
[Board "5"]
[White "Webb, Laurence E"]
[Black "Csonka, Balazs"]
[Result "0-1"]
[WhiteTitle "FM"]
[BlackTitle "IM"]
[WhiteElo "2183"]
[BlackElo "2491"]
[WhiteTeam "Blackthorne"]
[BlackTeam "Manx Liberty"]
[WhiteFideId "402389"]
[BlackFideId "742910"]
[EventDate "2023.11.11"]

1. d4 Nf6 2. c4 g6 3. Nc3 Bg7 4. e4 d6 5. Nf3 O-O 6. Be2 Nbd7 7. h3 e5 8. dxe5
dxe5 9. Be3 c6 10. O-O Qe7 11. Qc2 Nh5 12. Rfd1 Nc5 13. b4 Ne6 14. c5 Nhf4 15.
Rd6 Ng5 16. Kh2 Nxf3+ 17. Bxf3 Ne6 18. Rb1 Nd4 19. Qd1 Be6 20. a3 Rad8 21. Rxd8
Rxd8 22. Kg1 h5 23. Rb2 Qf6 24. Kh2 Nxf3+ 25. Qxf3 Qxf3 26. gxf3 Rd3 27. Rc2 f5
28. Kg2 Bb3 29. Rd2 Rxc3 30. Rd7 f4 31. Bd2 Rc2 32. Be1 Rc1 33. Rxb7 Rxe1 34. b5
cxb5 35. c6 Rc1 36. c7 Be6 0-1

[Event "4NCL 2023-24"]
[Site "England ENG"]
[Date "2023.11.11"]
[Round "1.1"]
[Board "6"]
[White "Galyas, Miklos"]
[Black "Duncan, Chris R"]
[Result "1/2-1/2"]
[WhiteTitle "GM"]
[BlackTitle "FM"]
[WhiteElo "2396"]
[BlackElo "2161"]
[WhiteTeam "Manx Liberty"]
[BlackTeam "Blackthorne"]
[WhiteFideId "707244"]
[BlackFideId "403091"]
[EventDate "2023.11.11"]

1. d4 d5 2. Nf3 Nf6 3. Bf4 c5 4. e3 Nc6 5. h3 cxd4 6. exd4 Bf5 7. c3 e6 8. Nbd2
Bd6 9. Bxd6 Qxd6 10. Bb5 O-O 11. O-O a6 12. Bxc6 Qxc6 13. Ne5 Qc7 14. Re1 Ne4
15. Re3 Rfe8 16. Nxe4 Bxe4 17. f3 Bf5 18. g4 Bg6 19. Kg2 f6 20. Nxg6 hxg6 21.
Qe2 Qc4 22. Qc2 Kf7 23. b3 Qc6 24. Rae1 Qd6 25. Qf2 Re7 26. f4 Rae8 27. Qf3 b5
28. Rd3 a5 29. h4 Rh8 30. h5 gxh5 31. gxh5 Rh6 32. Qg4 Kf8 33. Rg3 Qd7 34. Qf3
Qe8 35. Rh3 g6 36. f5 1/2-1/2

[Event "4NCL 2023-24"]
[Site "England ENG"]
[Date "2023.11.11"]
[Round "1.1"]
[Board "7"]
[White "Ledger, Stephen C"]
[Black "Kolbus, Dietmar"]
[Result "1/2-1/2"]
[BlackTitle "IM"]
[WhiteElo "2002"]
[BlackElo "2231"]
[WhiteTeam "Blackthorne"]
[BlackTeam "Manx Liberty"]
[WhiteFideId "404470"]
[BlackFideId "4610628"]
[EventDate "2023.11.11"]

1. d4 c6 2. Nf3 g6 3. c4 Nf6 4. Nc3 d5 5. Bf4 dxc4 6. a4 Bf5 7. e3 Bd3 8. Bxd3
cxd3 9. Qxd3 Bg7 10. O-O O-O 11. h3 Na6 12. Rfd1 Nb4 13. Qc4 Nfd5 14. Be5 a5 15.
Bxg7 Kxg7 16. Ne5 Nb6 17. Qe2 Nd7 18. Nd3 Nxd3 19. Rxd3 e6 20. Rc1 Qe7 21. Ne4
Nb6 22. Nc5 Nd5 23. Rb3 Nb4 24. Nd3 Rfd8 25. Qd2 Nxd3 26. Qxd3 Rd7 27. Rc5 Qd8
28. Qc3 Kg8 29. g3 Ra7 30. Kg2 1/2-1/2

[Event "4NCL 2023-24"]
[Site "England ENG"]
[Date "2023.11.11"]
[Round "1.1"]
[Board "8"]
[White "Barpiyeva, Gulsana"]
[Black "Varney, Zoe"]
[Result "0-1"]
[WhiteTitle "WFM"]
[BlackTitle "WCM"]
[WhiteElo "2013"]
[BlackElo "2105"]
[WhiteTeam "Manx Liberty"]
[BlackTeam "Blackthorne"]
[WhiteFideId "4664353"]
[BlackFideId "436135"]
[EventDate "2023.11.11"]

1. c4 e6 2. Nc3 d5 3. d4 a6 4. e3 Nf6 5. Nf3 Nbd7 6. Bd3 dxc4 7. Bxc4 b5 8. Bd3
Bb7 9. O-O c5 10. b3 Bd6 11. Bb2 O-O 12. Rc1 Qe7 13. Qe2 Rfe8 14. e4 cxd4 15.
Nxd4 Bf4 16. Rcd1 Nc5 17. Ba3 Qc7 18. Nf3 Nxd3 19. Rxd3 Qa5 20. Bc1 Bxc1 21.
Rxc1 Rac8 22. Nd2 b4 23. e5 Nd5 24. Nc4 Rxc4 25. bxc4 Nf4 26. Qd1 Nxd3 27. Qxd3
bxc3 28. Qd7 Rd8 29. Qxb7 c2 30. Qf3 Qd2 0-1

[Event "4NCL 2023-24"]
[Site "England ENG"]
[Date "2023.11.11"]
[Round "1.2"]
[Board "1"]
[White "Chow, Samuel"]
[Black "Jones, Gawain C B"]
[Result "0-1"]
[WhiteTitle "FM"]
[BlackTitle "GM"]
[WhiteElo "2356"]
[BlackElo "2618"]
[WhiteTeam "Chessable White Rose 2"]
[BlackTeam "Chessable White Rose 1"]
[WhiteFideId "3202992"]
[BlackFideId "409561"]
[EventDate "2023.11.11"]

1. c4 c5 2. Nc3 g6 3. Nf3 Bg7 4. g3 Nc6 5. Bg2 d6 6. O-O e6 7. d3 Nge7 8. e4 O-O
9. Be3 Nd4 10. Qd2 a6 11. Ne2 Nxe2+ 12. Qxe2 Nc6 13. Qd2 e5 14. Ne1 b5 15. b3
Rb8 16. Nc2 Be6 17. Rae1 bxc4 18. dxc4 Qd7 19. Bh6 Bxh6 20. Qxh6 f6 21. f4 Qg7
22. Qxg7+ Kxg7 23. Rd1 Rfd8 24. Rd2 a5 25. f5 Bg8 26. fxg6 hxg6 27. Rdf2 a4 28.
Rf3 Na5 29. Na1 Rf8 30. Rd1 Rb6 31. Rfd3 Rd8 32. Bf3 Kf8 33. R1d2 Ke7 34. Kf2
Ra8 35. Rd1 axb3 36. axb3 Nc6 37. Nc2 Ra2 38. R1d2 Na5 39. Ne3 Rxd2+ 40. Rxd2
Nxb3 41. Ra2 Nd4 42. Bg4 Rb7 43. h4 f5 44. exf5 gxf5 45. Nxf5+ Nxf5 46. Bxf5
Bxc4 47. Ra8 Bd5 48. Rh8 Rb3 49. g4 e4 50. Ke1 Rf3 51. h5 Bc4 52. Bxe4 Re3+ 53.
Kd2 Rxe4 54. g5 Rh4 55. g6 Kf6 56. Rd8 Rxh5 57. Rxd6+ Kg7 58. Rb6 Rg5 59. Kc3
Bg8 0-1

[Event "4NCL 2023-24"]
[Site "England ENG"]
[Date "2023.11.11"]
[Round "1.2"]
[Board "2"]
[White "Rowson, Jonathan"]
[Black "Walton, Alan J"]
[Result "1-0"]
[WhiteTitle "GM"]
[BlackTitle "CM"]
[WhiteElo "2527"]
[BlackElo "2021"]
[WhiteTeam "Chessable White Rose 1"]
[BlackTeam "Chessable White Rose 2"]
[WhiteFideId "2400561"]
[BlackFideId "409898"]
[EventDate "2023.11.11"]

1. d4 d5 2. c4 e6 3. Nc3 Nf6 4. Bg5 Be7 5. Nf3 c6 6. e3 O-O 7. Qc2 Nbd7 8. a3
Re8 9. h3 Nf8 10. Bd3 dxc4 11. Bxc4 Nd5 12. Bxe7 Qxe7 13. O-O Nxc3 14. bxc3 b6
15. a4 Bb7 16. a5 c5 17. Qe2 Qc7 18. Bb5 Rec8 19. Ne5 bxa5 20. Ra3 cxd4 21. cxd4
Ng6 22. Nf3 Qd6 23. Rxa5 Qb6 24. Rfa1 Rc1+ 25. Rxc1 Qxa5 26. Bd3 Qh5 27. Nd2
Qxe2 28. Bxe2 Rc8 29. Rb1 Bd5 30. Bd1 Ne7 31. Ra1 Rc7 32. f3 Nc8 33. Kf2 Kf8 34.
h4 Ke7 35. g4 Nb6 36. e4 Bc4 37. Ra5 Nc8 38. Ke3 Kd8 39. g5 Nb6 40. Kf4 Rd7 41.
Ke3 Rc7 42. h5 f5 43. exf5 exf5 44. Rxf5 Be6 45. Rc5 Nd5+ 46. Ke4 Nc3+ 47. Ke5
Bf7 48. Rxc7 Kxc7 49. Bc2 Bxh5 50. Bxh7 a5 51. f4 Bf7 52. Bd3 a4 53. Nc4 Kd8 54.
Na3 Ke7 55. f5 Ba2 56. f6+ gxf6+ 57. gxf6+ Kf7 58. Nc4 Kf8 59. d5 1-0

[Event "4NCL 2023-24"]
[Site "England ENG"]
[Date "2023.11.11"]
[Round "1.2"]
[Board "3"]
[White "Gayson, Peter M"]
[Black "Camacho Collados, Jose"]
[Result "0-1"]
[WhiteTitle "FM"]
[BlackTitle "IM"]
[WhiteElo "2114"]
[BlackElo "2370"]
[WhiteTeam "Chessable White Rose 2"]
[BlackTeam "Chessable White Rose 1"]
[WhiteFideId "401838"]
[BlackFideId "2265427"]
[EventDate "2023.11.11"]

1. e4 e5 2. Bc4 Nf6 3. d4 exd4 4. Nf3 Bb4+ 5. c3 dxc3 6. O-O O-O 7. e5 d5 8.
exf6 dxc4 9. fxg7 Re8 10. Qa4 Nc6 11. Nxc3 Bxc3 12. bxc3 Qd3 13. Bf4 Bg4 14.
Rad1 Qf5 15. Bg3 Bxf3 16. gxf3 b5 17. Qa6 Re6 18. Rfe1 Qxf3 19. Qxb5 Rae8 20.
Qb1 Qxc3 21. Rxe6 Rxe6 22. Qf5 Qxg7 23. Rd7 Qg6 24. Qc5 Qb1+ 25. Kg2 Qe4+ 26.
Kg1 h6 27. Rxc7 Qf3 28. Rc8+ Kh7 0-1

[Event "4NCL 2023-24"]
[Site "England ENG"]
[Date "2023.11.11"]
[Round "1.2"]
[Board "4"]
[White "Wells, Peter K"]
[Black "Shaw, Peter"]
[Result "1-0"]
[WhiteTitle "GM"]
[WhiteElo "2351"]
[BlackElo "2036"]
[WhiteTeam "Chessable White Rose 1"]
[BlackTeam "Chessable White Rose 2"]
[WhiteFideId "400327"]
[BlackFideId "411361"]
[EventDate "2023.11.11"]

1. d4 e6 2. Nf3 f5 3. g3 Nf6 4. Bg2 Be7 5. c4 O-O 6. O-O d6 7. Nc3 Ne4 8. Nxe4
fxe4 9. Nd2 d5 10. f3 Nc6 11. e3 exf3 12. Nxf3 Bd7 13. Bd2 dxc4 14. Rc1 b5 15.
b3 Rb8 16. bxc4 bxc4 17. Rxc4 Bd6 18. Qc2 Rb6 19. Rb1 Rxb1+ 20. Qxb1 Qf6 21. Qc2
Ne7 22. e4 e5 23. Bg5 Qe6 24. dxe5 Bxe5 25. Nxe5 Qxe5 26. Bf4 Qa1+ 27. Qc1 Qxa2
28. Rxc7 Rc8 29. Bf1 Be6 30. Be5 Qa5 31. Qg5 Qb6+ 32. Kh1 Ng6 33. Rxg7+ 1-0

[Event "4NCL 2023-24"]
[Site "England ENG"]
[Date "2023.11.11"]
[Round "1.2"]
[Board "5"]
[White "Burnett, Jim"]
[Black "Palliser, Richard J D"]
[Result "0-1"]
[BlackTitle "IM"]
[WhiteElo "2013"]
[BlackElo "2375"]
[WhiteTeam "Chessable White Rose 2"]
[BlackTeam "Chessable White Rose 1"]
[WhiteFideId "402273"]
[BlackFideId "407372"]
[EventDate "2023.11.11"]

1. d4 Nf6 2. c4 g6 3. Nc3 Bg7 4. e4 d6 5. h3 Nbd7 6. Be3 e5 7. d5 Nc5 8. f3 Nh5
9. Nge2 f5 10. g4 Nf4 11. Nxf4 exf4 12. Bxf4 Qh4+ 13. Kd2 fxg4 14. Be3 gxf3 15.
Bxc5 dxc5 16. Qxf3 Rf8 17. Qd3 Bg4 18. Be2 Bxe2 19. Nxe2 O-O-O 20. Kc2 Rde8 21.
Raf1 Rxf1 22. Rxf1 Qxe4 23. Nc3 Qg2+ 24. Kb3 Bd4 25. Qf3 Qxf3 26. Rxf3 Kd7 27.
Kc2 a6 28. Kd3 Bxc3 29. Kxc3 Re2 30. Rf7+ Re7 31. Rf3 Ke8 32. a3 Re4 33. b4 b5
34. cxb5 axb5 35. bxc5 Rc4+ 36. Kd3 Rxc5 37. Kd4 Rc4+ 38. Ke5 Ke7 39. Rb3 Rc5
40. Kd4 Kd6 0-1

[Event "4NCL 2023-24"]
[Site "England ENG"]
[Date "2023.11.11"]
[Round "1.2"]
[Board "6"]
[White "Turner, Max N"]
[Black "Li, Harry"]
[Result "1/2-1/2"]
[WhiteTitle "CM"]
[WhiteElo "2269"]
[BlackElo "2107"]
[WhiteTeam "Chessable White Rose 1"]
[BlackTeam "Chessable White Rose 2"]
[WhiteFideId "447722"]
[BlackFideId "430145"]
[EventDate "2023.11.11"]

1. d4 d5 2. c4 e6 3. Nf3 c5 4. cxd5 exd5 5. g3 Nc6 6. Bg2 Nf6 7. O-O Be7 8. Nc3
O-O 9. Bg5 c4 10. Ne5 Be6 11. f4 Ng4 12. Bxe7 Nxe7 13. Nxg4 Bxg4 14. h3 Be6 15.
g4 f6 16. Qd2 Qd7 17. f5 Bf7 18. a4 Rad8 19. Rf2 Kh8 20. Raf1 a6 21. g5 b5 22.
axb5 axb5 23. Qf4 b4 24. Nd1 Qd6 25. Qg4 Be8 26. Rf3 Ra8 27. Re3 Bd7 28. h4 g6
29. gxf6 Nxf5 30. Qg5 Qxf6 31. Qxf6+ Rxf6 32. Re5 Ra1 33. Rxd5 Ba4 34. e4 Rxd1
35. Rxd1 Bxd1 36. exf5 Rxf5 37. Rd8+ Kg7 38. Rc8 Be2 39. d5 Rf6 40. Rc6 Rxc6 41.
dxc6 c3 42. bxc3 bxc3 43. c7 Ba6 44. Be4 Kf6 45. Kf2 Ke5 46. Ke3 Bc8 47. Bc2 Kd6
48. Kd4 Kxc7 49. Kxc3 Bf5 50. Bb3 Kd6 51. Kd4 h6 52. Ke3 Ke5 53. Kf3 Be6 54. Bc2
Bd5+ 55. Kg3 Be4 56. Bb3 Kf5 57. Bc4 g5 58. hxg5 hxg5 59. Be2 Bc2 60. Bg4+ Ke5
61. Be2 Kf5 62. Bg4+ Ke5 63. Be2 1/2-1/2

[Event "4NCL 2023-24"]
[Site "England ENG"]
[Date "2023.11.11"]
[Round "1.2"]
[Board "7"]
[White "Chan, Sheng Liang Bernard"]
[Black "Han, Yichen"]
[Result "0-1"]
[BlackTitle "IM"]
[WhiteElo "2082"]
[BlackElo "2414"]
[WhiteTeam "Chessable White Rose 2"]
[BlackTeam "Chessable White Rose 1"]
[WhiteFideId "5712858"]
[BlackFideId "1054430"]
[EventDate "2023.11.11"]

1. d4 Nf6 2. c4 e6 3. g3 c5 4. d5 exd5 5. cxd5 d6 6. Nc3 g6 7. Bg2 Bg7 8. Nf3
O-O 9. O-O Re8 10. Nd2 a6 11. a4 Nbd7 12. a5 Rb8 13. Nc4 Ne5 14. Nb6 Nfd7 15.
Nxc8 Qxc8 16. Qa4 Qc7 17. h3 c4 18. f4 Nc5 19. Qb4 Ned7 20. Qxc4 b6 21. axb6
Qxb6 22. Kh2 Rbc8 23. Ra3 a5 24. Qb5 Bxc3 25. Qxb6 Nxb6 26. Rxc3 Rxe2 27. Kg1
Nba4 28. Ra3 Rc2 29. b3 Nc3 30. Be3 Ne2+ 31. Kh2 Rc3 32. Bf2 Nxb3 33. Be1 Rd3
34. Rf3 Rxf3 35. Bxf3 Rc2 36. Be4 Rb2 37. Kh1 Nc5 38. Bf3 Rb1 39. Kh2 Rxe1 40.
Re3 Nd4 0-1

[Event "4NCL 2023-24"]
[Site "England ENG"]
[Date "2023.11.11"]
[Round "1.2"]
[Board "8"]
[White "Ciocan, Maria-Alexandra"]
[Black "Flint, Martina"]
[Result "1-0"]
[WhiteElo "1978"]
[BlackElo "1888"]
[WhiteTeam "Chessable White Rose 1"]
[BlackTeam "Chessable White Rose 2"]
[WhiteFideId "1227130"]
[BlackFideId "421383"]
[EventDate "2023.11.11"]

1. e4 g6 2. d4 Bg7 3. Nc3 d6 4. Be3 Nf6 5. f3 O-O 6. Qd2 e5 7. d5 Ne8 8. g4 Qh4+
9. Bf2 Qe7 10. O-O-O h6 11. Nge2 Qf6 12. Be3 Qxf3 13. Rg1 Nf6 14. Rg3 Nxe4 15.
Nxe4 Qxe4 16. Nc3 Qb4 17. a3 Qa5 18. Bxh6 c5 19. Bxg7 Kxg7 20. Rh3 Rh8 21. Rxh8
Kxh8 22. Qg5 Kg7 23. Bd3 Nd7 24. Rf1 e4 25. Bxe4 Ne5 26. Qf6+ Kg8 27. Bxg6 Qc7
28. Bh5 b6 29. Ne4 Ba6 30. Qh6 1-0

[Event "4NCL 2023-24"]
[Site "England ENG"]
[Date "2023.11.11"]
[Round "1.3"]
[Board "1"]
[White "Speelman, Jon S"]
[Black "Willow, Jonah B"]
[Result "1-0"]
[WhiteTitle "GM"]
[BlackTitle "IM"]
[WhiteElo "2500"]
[BlackElo "2446"]
[WhiteTeam "Wood Green"]
[BlackTeam "Wood Green Youth"]
[WhiteFideId "400033"]
[BlackFideId "438804"]
[EventDate "2023.11.11"]

1. d4 Nf6 2. Nf3 d5 3. c4 e6 4. g3 dxc4 5. Qa4+ Nbd7 6. Bg2 a6 7. Qxc4 b5 8. Qc6
Rb8 9. Bf4 Bb7 10. Qxc7 Qxc7 11. Bxc7 Rc8 12. Ba5 Rc1+ 13. Kd2 Rc4 14. b3 Bxf3
15. Bxf3 Rxd4+ 16. Kc2 e5 17. e3 Rd6 18. Nc3 Be7 19. a4 bxa4 20. Rxa4 Re6 21.
Rd1 O-O 22. Rc4 e4 23. Bxe4 Ne5 24. Ra4 Nxe4 25. Rxe4 f5 26. Ra4 Ng4 27. Rd7
Nxf2 28. Nd5 Bg5 29. Rc4 Ne4 30. Rcc7 Rg6 31. Bb6 Bd8 32. Ne7+ Bxe7 33. Rxe7 Nf6
34. Bd4 h5 35. Ra7 h4 36. gxh4 Nh5 37. Be5 Rc8+ 38. Kb2 Rg2+ 39. Ka3 Rcc2 40. h3
Rce2 41. Bd4 Ref2 42. Kb4 Rg6 43. Re5 Rf3 44. Kc5 Kh7 45. Re8 Rf1 46. Rf8 Re6
47. Kd5 Rh6 48. Raa8 Nf6+ 49. Bxf6 Rxf6 50. Rxf6 gxf6 51. Rxa6 Kg6 52. h5+ Kxh5
53. Rxf6 Rf3 54. Kd4 Kg5 55. Re6 Rxh3 56. b4 Kg4 57. b5 Rh1 58. b6 Rb1 59. Kc5
Rc1+ 60. Kd6 Rb1 61. Kc7 Rc1+ 62. Rc6 Rb1 63. b7 Kf3 64. Rc3 1-0

[Event "4NCL 2023-24"]
[Site "England ENG"]
[Date "2023.11.11"]
[Round "1.3"]
[Board "2"]
[White "Royal, Shreyas"]
[Black "McDonald, Neil"]
[Result "1/2-1/2"]
[WhiteTitle "IM"]
[BlackTitle "GM"]
[WhiteElo "2457"]
[BlackElo "2407"]
[WhiteTeam "Wood Green Youth"]
[BlackTeam "Wood Green"]
[WhiteFideId "448869"]
[BlackFideId "400629"]
[EventDate "2023.11.11"]

1. d4 Nf6 2. c4 e6 3. Nc3 Bb4 4. e3 O-O 5. Bd3 c5 6. a3 Bxc3+ 7. bxc3 Nc6 8. Ne2
b6 9. Rb1 Ba6 10. e4 Ne8 11. f4 f5 12. exf5 exf5 13. dxc5 bxc5 14. O-O Nd6 15.
Ng3 Na5 16. Be2 Qc7 17. Qd5+ Kh8 18. Rd1 Naxc4 19. Nxf5 Nxf5 20. Bxc4 Bxc4 21.
Qxc4 Qc6 22. Qd5 Qg6 23. Qxc5 d6 24. Qf2 Rfe8 25. Bd2 h5 26. Re1 a6 27. Qf3 Rab8
28. Rxe8+ Rxe8 29. Qd3 h4 30. c4 Qh5 31. Re1 Rxe1+ 32. Bxe1 Qg4 33. g3 h3 34.
Bb4 Qg6 35. Kf2 Kh7 36. Qe4 Kh6 37. Bc3 Kh5 38. Qe2+ Qg4 39. Qe8+ Kh6 40. Qf7
Kh7 41. Qe6 Nh6 42. Qxd6 Qf5 43. Qd5 Qc2+ 44. Bd2 Qd1 45. g4 Nxg4+ 46. Kg3 Qg1+
47. Kh4 Nf6 48. Qf5+ Kg8 49. Qe6+ Kh7 50. Qxh3 Kg8 51. Qe6+ Kh7 52. Qe2 Qg6 53.
Kh3 Ne4 54. Be3 Nf6 55. Bd4 Qf5+ 56. Kg2 Nh5 57. Be5 Nxf4+ 58. Bxf4 Qxf4 59.
Qd3+ g6 60. h3 Qg5+ 61. Kf3 Qf6+ 62. Ke4 Qe6+ 63. Kf4 Qf6+ 64. Kg3 Qg5+ 65. Kf2
Qf6+ 66. Ke2 Qb2+ 67. Kf1 Qf6+ 68. Kg2 Qg5+ 69. Qg3 Qd2+ 70. Qf2 Qg5+ 71. Kh2
Qe5+ 72. Kg1 Qg5+ 73. Kh2 Qe5+ 74. Kg1 Qg5+ 75. Kh2 Qe5+ 76. Kg1 Qg5+ 77. Kh2
Qe5+ 78. Kg1 1/2-1/2

[Event "4NCL 2023-24"]
[Site "England ENG"]
[Date "2023.11.11"]
[Round "1.3"]
[Board "3"]
[White "Murphy, Conor E"]
[Black "Bazakutsa, Svyatoslav"]
[Result "1-0"]
[WhiteTitle "IM"]
[BlackTitle "IM"]
[WhiteElo "2484"]
[BlackElo "2462"]
[WhiteTeam "Wood Green"]
[BlackTeam "Wood Green Youth"]
[WhiteFideId "421669"]
[BlackFideId "14198525"]
[EventDate "2023.11.11"]

1. d4 Nf6 2. c4 g6 3. Nc3 Bg7 4. e4 d6 5. Nf3 O-O 6. Be2 e5 7. O-O exd4 8. Nxd4
Re8 9. f3 c6 10. Nc2 Na6 11. Kh1 h6 12. Bf4 d5 13. cxd5 cxd5 14. exd5 Nh5 15.
Bc1 Bd7 16. g4 Nf6 17. Bxa6 bxa6 18. Bf4 Rc8 19. Qd2 Qb6 20. Rab1 Rc4 21. Be3
Qb7 22. Na3 Rcc8 23. Bd4 Qb4 24. Nc2 Qa5 25. Ne3 h5 26. g5 Nh7 27. Bxg7 Kxg7 28.
Qd4+ Kg8 29. Ne4 Qxa2 30. Nd6 Nxg5 31. Qf4 Qb3 32. Qxg5 Qxe3 33. Qxe3 Rxe3 34.
Nxc8 Bxc8 35. Rbe1 Rxe1 36. Rxe1 Kf8 37. d6 Be6 38. Rc1 Ke8 39. Rc7 g5 40. Kg2
h4 41. Rxa7 Kd8 42. Kf2 Bc4 43. Ke3 Bd5 44. Re7 f6 45. Rg7 Be6 46. Kd4 Bh3 47.
Kd5 Bg2 48. Ke6 Bh3+ 49. Kxf6 Bg2 50. Rxg5 Bxf3 51. Ke6 Bc6 52. Rg8+ Be8 53. d7
Kc7 54. dxe8=Q Kb6 1-0

[Event "4NCL 2023-24"]
[Site "England ENG"]
[Date "2023.11.11"]
[Round "1.3"]
[Board "4"]
[White "Derakhshani, Borna"]
[Black "Harvey, Marcus R"]
[Result "1/2-1/2"]
[WhiteTitle "FM"]
[BlackTitle "IM"]
[WhiteElo "2355"]
[BlackElo "2468"]
[WhiteTeam "Wood Green Youth"]
[BlackTeam "Wood Green"]
[WhiteFideId "12518450"]
[BlackFideId "400092"]
[EventDate "2023.11.11"]

1. d4 Nf6 2. c4 e6 3. Nc3 Bb4 4. f3 d5 5. a3 Bxc3+ 6. bxc3 c5 7. cxd5 Nxd5 8.
dxc5 Qa5 9. e4 Ne7 10. Be3 O-O 11. Qb3 Nd7 12. Bb5 Qc7 13. Bxd7 Bxd7 14. Ne2 Nc6
15. O-O Na5 16. Qb4 Nc6 17. Qb2 Na5 18. Qb4 Nc6 19. Qb1 Na5 20. Qb4 Nc6 1/2-1/2

[Event "4NCL 2023-24"]
[Site "England ENG"]
[Date "2023.11.11"]
[Round "1.3"]
[Board "5"]
[White "Wadsworth, Matthew J"]
[Black "Czopor, Maciej"]
[Result "1-0"]
[WhiteTitle "IM"]
[BlackTitle "FM"]
[WhiteElo "2450"]
[BlackElo "2359"]
[WhiteTeam "Wood Green"]
[BlackTeam "Wood Green Youth"]
[WhiteFideId "415804"]
[BlackFideId "21805431"]
[EventDate "2023.11.11"]

1. d4 Nf6 2. c4 e6 3. Nf3 d5 4. Nc3 Nbd7 5. Bf4 dxc4 6. e3 b5 7. Nxb5 Bb4+ 8.
Nc3 Nd5 9. a3 Nxc3 10. Qd2 Nd5 11. axb4 Nxf4 12. exf4 Nb6 13. Be2 O-O 14. O-O
Bb7 15. Rfd1 Qd6 16. Ra5 g6 17. h4 Rab8 18. Ne5 Bd5 19. Rc1 Rb7 20. h5 Rd8 21.
h6 Qf8 22. f5 exf5 23. Nxc4 Be6 24. Ne5 Nd5 25. Bf3 Rd6 26. Rcc5 Qd8 27. Nc6 Qd7
28. Rxd5 Bxd5 29. Rxd5 Rxd5 30. Bxd5 Kf8 31. Bf3 Rb6 32. Qc3 Qd6 33. d5 f6 34.
Qc4 g5 35. g3 g4 36. Be2 a6 37. Qc3 Kf7 38. Bc4 Kg6 39. Qe3 f4 40. gxf4 Kxh6 41.
Qg3 f5 42. Qh4+ Kg7 43. Qg5+ Qg6 44. Qe7+ Kh6 45. Bd3 Kh5 46. Kh2 Qh6 47. Kg3 1-0